Wireless communication. Evoluzione della comunicazione mobile personale dal gsm all'umts (Record n. 90055)
[ formato base ]
| 000 -LEADER | |
|---|---|
| fixed length control field | 01997nam a2200289Ia 4500 |
| 001 - CONTROL NUMBER | |
| control field | H0908 |
| 003 - CONTROL NUMBER IDENTIFIER | |
| control field | IT-RoPAU |
| 008 - FIXED-LENGTH DATA ELEMENTS--GENERAL INFORMATION | |
| fixed length control field | 130308s9999 xx 000 0 und d |
| 040 ## - CATALOGING SOURCE | |
| Original cataloging agency | IT-RoPAU |
| 040 ## - CATALOGING SOURCE | |
| Transcribing agency | IT-RoPAU |
| 041 ## - LANGUAGE CODE | |
| Language code of text/sound track or separate title | ITALIANO |
| 100 ## - MAIN ENTRY--PERSONAL NAME | |
| Personal name | Manni Alberto |
| 100 ## - MAIN ENTRY--PERSONAL NAME | |
| Miscellaneous information | Codice Aut. SPICS: 56512 |
| 245 ## - TITLE STATEMENT | |
| Title | Wireless communication. Evoluzione della comunicazione mobile personale dal gsm all'umts |
| 245 ## - TITLE STATEMENT | |
| Remainder of title | Wireless Communication. Evoluzione della Comunicazione mobile Personale dal Gsm All'Umts |
| 250 ## - EDITION STATEMENT | |
| Edition statement | 1a ed. |
| 260 ## - PUBLICATION, DISTRIBUTION, ETC. (IMPRINT) | |
| Place of publication, distribution, etc. | BOLOGNA |
| 260 ## - PUBLICATION, DISTRIBUTION, ETC. (IMPRINT) | |
| Name of publisher, distributor, etc. | Calderini |
| 260 ## - PUBLICATION, DISTRIBUTION, ETC. (IMPRINT) | |
| Date of publication, distribution, etc. | 2002 [1° Ed.:2002 - Ed.Ling.Originale:2002] |
| 300 ## - PHYSICAL DESCRIPTION | |
| Extent | "460 p. (prefazione: 18; testo: 442 [pagine: 0-0])" |
| 500 ## - GENERAL NOTE | |
| General note | "Guida Alla Lettura. telefonia senza Fili. sistemi Radiomobili. Prestazionidi Mobilita': copertura cellulare del Territorio; Struttura e Funzionalità di una Generica Plmn. interfaccia Radio. Propagazione in Ambiente Radiomobile. Trasferimento dei Dati in una Rete di Tlc. Telefonino All'Orecchio: Problemi Sanitari ed Etici. Standard Gsm: interfaccia Radio; Architettura della Rete e Protocolli: Sottosistema di Stazione Bss, Sottosistema di Rete Nss, Sottosistema di Controllo Oss, interfacce a e A(Bis), procedure di Controllo tra I nodi della Rete Gsm, gerarchie di Aree. Gsm: procedure e Servizi: Sim Card, Msisdn, gestione di Imsi e Tmsi. telefonia Cordless e Standarddect. Architettura del Sistema Dect. Standard Tetra per reti Radiomobili Private. Sviluppi Dello Standard Gsm: fasi 2 e 2+. Evoluzione Verso la Terzagenerazione: Prima e seconda Generazione Cellulare; Evoluzione della Tecnica Cdma; prospettive di globalizzazione Imt2000 e Umts; Umts: Sistema Universale per le Telecomunicazioni Mobili; Ulteriori soluzioni Sistemistiche per la 3G; Ultima Nata Fra le tecnologie Wireless: Bluetooth. Acronimi. Bibliografia." |
| 650 ## - SUBJECT ADDED ENTRY--TOPICAL TERM | |
| Topical term or geographic name as entry element | TECNICA DELLA MULTIMEDIALITA' |
| 650 ## - SUBJECT ADDED ENTRY--TOPICAL TERM | |
| Relator term | Codice materia Spics: 4252 |
| 942 ## - ADDED ENTRY ELEMENTS (KOHA) | |
| Koha item type | LIBRO |
| 957 ## - | |
| -- | 1 |
| 999 ## - SYSTEM CONTROL NUMBERS (KOHA) | |
| -- | 1 |
| Withdrawn status | Lost status | Damaged status | Not for loan | Home library | Current library | Date acquired | Total Checkouts | Full call number | Date last seen | Price effective from | Koha item type | Public note |
|---|---|---|---|---|---|---|---|---|---|---|---|---|
| Buone Condizioni | Not For Loan | SPICS-MEDIATECA | SPICS-MEDIATECA | 08/03/2013 | H0908 | 08/03/2013 | 08/03/2013 | LIBRO | Progressivo inserimento: 19601 / N. Volumi: 1 Copie: 1 / data import: 1 marzo 2013 - By Epidotti, Trombetti, Vaglietti. |